000 00395nam a22001337a 4500
008 250619b |||||||| |||| 00| 0 eng d
020 _a9781853264832
050 _aJC 71
_b.S84
245 _aPlato Republic
260 _aSouth crescent, London
_bWords worth edition limited
_c1997
300 _a373p
650 _aPolitical science-Early works to 1800
_vUtopias-early work to 1800
942 _cBK
999 _c3903
_d3903